1148 1412 1935 1438 1065 1553 1766 1241 1139 1620 1673 1443 1996 1251 1610 1715 1059 1745 1604 1154 1342 1664 1207 1240 1475 1245 1327 1190 1774 1163 1853 1142 1004 1906 1068 1277 1768 1520 1845 1321 1620 1468 1256 1270 1099 1414 1311 1865 1443 1924 1831 1923 1141 1573 1202 1307 1462 1770 1433 1748 1473 1485 1718 1100 1119 1672 1224 1547 1037 1352 1014 1061 1434 1194 1872 1400 1103 1129 1234 1982 1252 1302 1248 1843 1970 1524 1855 1461 1417 1156 1597 1633 1441 1520 1992 1028 1154 1721 1180 BCNSPRNW ULIB Ver.6.0+V

เปลี่ยนเป็นภาษาไทย

Change to English
 แสดงรายละเอียดบรรณานุกรม
  กลับหน้าหลัก

Brief Record : Get Marc (ISO 2709) : E-mail record : QR code < ปิดหน้าต่าง
LEADER : 00000nam 2200000uu 4500
001    13399128294
003     ULIB
008    230529s2565||||th 000 0 tha d
020    ^a9786163987044 (ล.3)
060 04 ^aWY150^bท455ก^cล.3
100 0  ^aทิพาพร วงศ์หงษ์กุล.
245 00 ^aการปฏิบัติการพยาบาลทางอายุรกรรม เล่ม 3 /^cทิพาพร วงศ์หงษ์กุล และศิริรัตน์ ปานอุทัย
250    ^aพิมพ์ครั้งที่ 1
260    ^aเชียงใหม่ :^bโครงการตำรา คณะพยาบาลศาสตร์ มหาวิทยาลัยเชียงใหม่,^c2565
300    ^a336 หน้า :^bภาพประกอบ ;^c25 ซม.
650  4 ^aการพยาบาลอายุรศาสตร์
650  4 ^aอายุรศาสตร์
700 0  ^aทิพาพร วงศ์หงษ์กุล,^eบรรณาธิการ
700 0  ^aศิริรัตน์ ปานอุทัย,^eบรรณาธิการ
710 2  ^aมหาวิทยาลัยเชียงใหม่.^bคณะพยาบาลศาสตร์
945    ^p320^l0^i009442
945    ^p320^l0^i009443
945    ^p320^l0^i009444
945    ^p320^l0^i009445
945    ^p320^l0^i009446
945    ^p320^l0^i009447
945    ^p320^l0^i009448
999    ^aประนอม เกษจรัล
รายการนี้ยังไม่มีแท็ก
คุณยังไม่ได้ล็อกอิน คุณสามารถมีกิจกรรมร่วมกับเว็บไซต์ได้ แต่ต้องล็อกอินก่อน ::
  ล็อกอิน

รายการสื่อสารสนเทศ

ลำดับที่ ประเภท เลขเรียก/บาร์โค้ด สถานที่ สถานะ
1. Book การพยาบาล
หนังสือสำรอง
สถานะ=หนังสือสำรอง
WY150 ท455ก ล.3 ฉ.1 
  Barcode: 009442
ห้องสมุดวิทยาเขตสวรรค์ประชารักษ์
►หนังสือทั่วไป
บนชั้น
2. Book การพยาบาล
Book การพยาบาล
WY150 ท455ก ล.3 ฉ.2 
  Barcode: 009443
ห้องสมุดวิทยาเขตสวรรค์ประชารักษ์
►หนังสือทั่วไป
บนชั้น
3. Book การพยาบาล
Book การพยาบาล
WY150 ท455ก ล.3 ฉ.3 
  Barcode: 009444
ห้องสมุดวิทยาเขตสวรรค์ประชารักษ์
►หนังสือทั่วไป
บนชั้น
4. Book การพยาบาล
Book การพยาบาล
WY150 ท455ก ล.3 ฉ.4 
  Barcode: 009445
ห้องสมุดวิทยาเขตสวรรค์ประชารักษ์
►หนังสือทั่วไป
บนชั้น
5. Book การพยาบาล
Book การพยาบาล
WY150 ท455ก ล.3 ฉ.5 
  Barcode: 009446
ห้องสมุดวิทยาเขตสวรรค์ประชารักษ์
►หนังสือทั่วไป
บนชั้น
6. Book การพยาบาล
Book การพยาบาล
WY150 ท455ก ล.3 ฉ.6 
  Barcode: 009447
ห้องสมุดวิทยาเขตสวรรค์ประชารักษ์
►หนังสือทั่วไป
บนชั้น
7. Book การพยาบาล
Book การพยาบาล
WY150 ท455ก ล.3 ฉ.7 
  Barcode: 009448
ห้องสมุดวิทยาเขตสวรรค์ประชารักษ์
►หนังสือทั่วไป
บนชั้น

รายการใกล้เคียง
    หัวเรื่อง [การพยาบาลอายุรศาสตร์]
    หัวเรื่อง [อายุรศาสตร์]

BibComment


ยังไม่เคยถูกคอมเมนท์

คอมเมนท์ทรัพยากรรายการนี้
  คอมเมนท์: การปฏิบัติการพยา..


 Copyright 2026. Bcnsprnw @Library